| 000 | 00316nam a2200097Ia 4500 | ||
|---|---|---|---|
| 008 | 160908s9999 xx 000 0 und d | ||
| 245 | _aCompilation of Course Syllabi - College of Psychology : First Semester A.Y. 2016-2017 / | ||
| 260 |
_bSISC. _c2016 |
||
| 500 | _aPsychology Syllabi. | ||
| 650 | _aSyllabi - Psychology. | ||
| 999 |
_c300994 _d300994 |
||